000 00445nam a2200181Ia 4500
008 100917s9999 xx 000 0 und d
082 _b44532
100 _aभावे पु. भा.
245 _aफुलवा
260 _bमेनका प्रकाशन
_c1977
300 _a111
365 _b10
520 _aकथा
630 _aफुलवा
650 _aकथा
730 _aफुलवा
942 _cBOOK
999 _c649926
_d649923